000 00614nam a22002172 4500
001 0000000536
005 20151217154326.0
008 070207s xx 000 0 eng d
020 _a0755313143 :
_cKES 770
040 _aKABU
_cKABU
050 0 _aE887
_b.A3C55 2004
100 1 _aClinton, Hillary Rodham.
_@0000148575
245 1 0 _aLiving history.
260 _aLondon :
_bHeadline Book Publishing,
_c2004.
300 _axii, 754 p.
600 1 0 _aClinton, Hillary Rodham.
_@0000148575
908 _a070207
950 _@1
996 _a0000000688
999 _c10490
_d10490